| 000 | 00478nam a2200193Ia 4500 | ||
|---|---|---|---|
| 005 | 20250508155356.0 | ||
| 008 | 008 250505s9999 xx 000 0 eng d | ||
| 020 | _a0-415-30675-2 | ||
| 037 | _aTextual | ||
| 040 |
_aFEDL _beng _cFEDL |
||
| 041 |
_aeng _2eng |
||
| 084 |
_aB, BYR _qFEDL |
||
| 100 |
_aSteinberg Alfred _9117054 |
||
| 245 | 0 | _aAdmiral Richard E. Byrd | |
| 260 | _c1962 | ||
| 300 | _a101p. | ||
| 942 |
_cTEXL _hB, BYR |
||
| 999 |
_c1356348 _d1356348 |
||